000
00315nam a22001217a 4500
082
_a
346.03 CHO
100
_a
Choudhry A,M
245
_a
The law of torts
_c
A,M. Choudhry
260
_a
Lahore
_b
P.L.D publishers
_c
2012
300
_a
194p
942
_2
ddc
_c
BK
999
_c
540923
_d
540923